UM Logo

Knowing where others stand : (Record no. 20529)

MARC details
000 -LEADER
fixed length control field 00904nam a22002057a 4500
005 - DATE AND TIME OF LATEST TRANSACTION
control field 20250829185200.0
008 - FIXED-LENGTH DATA ELEMENTS--GENERAL INFORMATION
fixed length control field 240816b ||||| |||| 00| 0 eng d
082 ## - DEWEY DECIMAL CLASSIFICATION NUMBER
Classification number DPer 155.205 J826 July-September 2020 v. 119 n. 1-3
100 ## - MAIN ENTRY--PERSONAL NAME
Personal name Yu, Siyu.
Relator term author.
9 (RLIN) 57978
245 ## - TITLE STATEMENT
Title Knowing where others stand :
Remainder of title accuracy and performance effects of individuals' perceived status hierarchies /
Statement of responsibility, etc. Siyu Yu, and Gavin J. Kilduff.
260 ## - PUBLICATION, DISTRIBUTION, ETC. (IMPRINT)
Place of publication, distribution, etc. Washington ;
Name of publisher, distributor, etc. American Psychological Association ,
Date of publication, distribution, etc. July 2020.
300 ## - PHYSICAL DESCRIPTION
Extent Volume 119, pages 159-184 :
Other physical details illustration ;
Dimensions 27 cm.
500 ## - GENERAL NOTE
General note Journal of Personality and Social Psychology , vol. 119, no. 1, pages 159-184, July 2020.
650 ## - SUBJECT ADDED ENTRY--TOPICAL TERM
Topical term or geographic name as entry element Interpersonal relations.
9 (RLIN) 60656
650 ## - SUBJECT ADDED ENTRY--TOPICAL TERM
Topical term or geographic name as entry element Perception.
9 (RLIN) 60657
650 ## - SUBJECT ADDED ENTRY--TOPICAL TERM
Topical term or geographic name as entry element Social psychology.
9 (RLIN) 60658
700 ## - ADDED ENTRY--PERSONAL NAME
Personal name Yu, Siyu.
Relator term author.
9 (RLIN) 57978
700 ## - ADDED ENTRY--PERSONAL NAME
Personal name Kilduff, Gavin J.
Relator term author.
9 (RLIN) 57979
942 ## - ADDED ENTRY ELEMENTS (KOHA)
Source of classification or shelving scheme Dewey Decimal Classification
Koha item type Periodicals
Holdings
Withdrawn status Lost status Source of classification or shelving scheme Damaged status Not for loan Home library Current library Date acquired Total Checkouts Full call number Date last seen Price effective from Koha item type Public note
    Dewey Decimal Classification     UM Digos College - LIC UM Digos College - LIC 08/16/2024   DPer 155.205 J826 July-September 2020 v.119 n. 1-3 08/16/2024 08/16/2024 Periodicals Periodical Article